Carbonate systems during the Oligocene-Miocene climatic transition /

Bibliographic Details
Other Authors: Betzler, Christian, Mutti, M. (Maria), Piller, Werner E.
Format: eBook
Language:English
Published: Chichester, West Sussex ; Hoboken, NJ : Wiley-Blackwell, 2010.
Series:Special publication ... of the International Association of Sedimentologists ; no. 42.
Wiley Online Library.
Subjects:
Online Access:Connect to the full text of this electronic book

MARC

Tag First Indicator Second Indicator Subfields
LEADER 00000cam a2200000Ka 4500
001 in00002782335
005 20210728124843.0
006 m d
007 cr cnu---unuuu
008 110106s2010 enkab ob 001 0 eng d
019 |a 793104015 
020 |a 111839836X (electronic bk.) 
020 |a 1444327437 (electronic bk.) 
020 |a 1444337912 (electronic bk.) 
020 |a 9781118398364 (electronic bk.) 
020 |a 9781444327434 (electronic bk.) 
020 |a 9781444337914 (electronic bk.) 
035 |a (OCoLC)695394306  |z (OCoLC)793104015 
035 |a (OCoLC)ocn695394306 
035 |a 3997037 
037 |a 10.1002/9781118398364  |b Wiley InterScience  |n http://www3.interscience.wiley.com 
040 |a N$T  |b eng  |c N$T  |d YDXCP  |d OCLCQ  |d DG1  |d TXA  |d UtOrBLW 
049 |a TXAM 
050 4 |a QE471.15.C3  |b C376 2010eb 
072 7 |a NAT  |x 030000  |2 bisacsh 
082 0 4 |a 552/.58  |2 22 
245 0 0 |a Carbonate systems during the Oligocene-Miocene climatic transition /  |c edited by Maria Mutti, Werner Piller, Christian Betzler. 
264 1 |a Chichester, West Sussex ;  |a Hoboken, NJ :  |b Wiley-Blackwell,  |c 2010. 
300 |a 1 online resource (xi, 300 pages) :  |b illustrations (some color), maps (some color) 
336 |a text  |b txt  |2 rdacontent 
337 |a computer  |b c  |2 rdamedia 
338 |a online resource  |b cr  |2 rdacarrier 
490 1 |a Special publication ... of the international association of sedimentologists ;  |v no. 42 
500 |a Electronic resource. 
504 |a Includes bibliographical references and index. 
505 0 |a Front Matter -- A Synthesis of Late Oligocene through Miocene Deep Sea Temperatures as Inferred from Foraminiferal Mg/Ca Ratios / Katharina Billups, Kathleen Scheiderich -- Latitudinal Trends in Cenozoic Reef Patterns and their Relationship to Climate / Christine Perrin, Wolfgang Kiessling -- Carbonate Grain Associations: their Use and Environmental Significance, a Brief Review / Pascal Kindler, Moyra EJ Wilson -- Temperate and Tropical Carbonatesedimentation Episodes in the Neogene Betic Basins (Southern Spain) Linked to cLimatic Oscillations and Changes in Atlantic-Mediterranean Connections: Constraints from Isotopic Data / Jose M Mart̕n, Juan C Braga, Isabel M S̀nchez-Almazo, Julio Aguirre -- Facies Models and Geometries of the Ragusa Platform (SE Sicily, Italy) Near the Serravallian-Tortonian Boundary / Cyril Ruchonnet, Pascal Kindler -- The Sensitivity of a Tropical Foramol-Rhodalgal Carbonate Ramp to Relative Sea-Level Change: Miocene of the Central Apennines, Italy / Marco Brandano, Hildegard Westphal, Guillem Mateu-Vicens -- Facies and Sequence Architecture of a Tropical Foramol-Rhodalgal Carbonate Ramp: Miocene of the Central Apennines (Italy) / Marco Brandano, Laura Corda, Francesca Castorina -- Facies and Stratigraphic Architecture of a Miocene Warm-Temperate to Tropical Fault-Block Carbonate Platform, Sardinia (Central Mediterranean Sea) / Merle-Friederike Benisek, Gabriela Marcano, Christian Betzler, Maria Mutti -- Coralline Algae, Oysters and Echinoids : a Liaison in Rhodolith Formation from the Burdigalian of the Latium-Abruzzi Platform (Italy) / Marco Brandano, Werner E Piller -- Palaeoenvironmental Significance of Oligocene-Miocene Coralline Red Algae : a Review / Juan C Braga, Davide Bassi, Werner E Piller -- Molluscs as a Major Part of Subtropical Shallow-Water Carbonate Production : an Example from a Middle Miocene Oolite Shoal (Upper Serravallian, Austria) / Mathias Harzhauser, Werner E Piller -- Echinoderms and Oligo-Miocene Carbonate Systems: Potential Applications in Sedimentology and Environmental Reconstruction / Andreas Kroh, James H Nebelsick -- Coral Diversity and Temperature: a Palaeoclimatic Perspective for the Oligo-Miocene of the Mediterranean Region / Francesca R Bosellini, Christine Perrin -- Late Oligocene to Miocene Reef Formation on Kita-Daito-Jima, Northern Philippine Sea / Y Iryu, S Inagaki, Y Suzuki, K Yamamoto -- Carbonate Production in Rift Basins: Models for Platform Inception, Growth and Dismantling, and for Shelf to Basin Sediment Transport, Miocene Sardinia Rift Basin, Italy / Mario Vigorito, Marco Murru, Lucia Simone -- Index. 
588 |a Description based on print version record. 
650 0 |a Carbonate rocks.  |0 http://id.loc.gov/authorities/subjects/sh85114767 
650 0 |a Geology, Stratigraphic  |y Miocene.  |0 http://id.loc.gov/authorities/subjects/sh85054099 
650 0 |a Geology, Stratigraphic  |y Oligocene.  |0 http://id.loc.gov/authorities/subjects/sh85054102 
650 0 |a Paleoclimatology  |y Miocene.  |0 http://id.loc.gov/authorities/subjects/sh2020001050 
650 0 |a Paleoclimatology  |y Oligocene.  |0 http://id.loc.gov/authorities/subjects/sh2003011486 
650 7 |a NATURE  |x Rocks & Minerals.  |2 bisacsh 
655 7 |a Electronic books.  |2 local 
700 1 |a Betzler, Christian.  |0 http://id.loc.gov/authorities/names/n99252666 
700 1 |a Mutti, M.  |q (Maria)  |0 http://id.loc.gov/authorities/names/n2010029868 
700 1 |a Piller, Werner E.  |0 http://id.loc.gov/authorities/names/n92112832 
776 0 8 |i Print version:  |t Carbonate systems during the Oligocene-Miocene climatic transition.  |d Chichester, West Sussex ; Hoboken, NJ : Wiley-Blackwell, 2010  |z 9781444337914  |w (DLC) 2010017502  |w (OCoLC)613991782 
830 0 |a Special publication ... of the International Association of Sedimentologists ;  |v no. 42.  |0 http://id.loc.gov/authorities/names/n42023081 
830 0 |a Wiley Online Library. 
856 4 0 |u http://proxy.library.tamu.edu/login?url=https://dx.doi.org/10.1002/9781118398364  |z Connect to the full text of this electronic book  |t 0 
948 |a cataloged  |b h  |c 2012/6/8  |d c  |e jlanham  |f 12:33:40 pm 
994 |a C0  |b TXA 
999 |a MARS 
999 f f |s 3deee986-32aa-3671-acc8-77e841ff66ff  |i 5b9f4f6f-b24e-30f8-aaa7-7818f6ff847d  |t 0 
952 f f |a Texas A&M University  |b College Station  |c Electronic Resources  |d Available Online  |t 0  |e QE471.15.C3 C376 2010eb  |h Library of Congress classification 
998 f f |a QE471.15.C3 C376 2010eb  |t 0  |l Available Online